Los positivos (Record no. 65412)

MARC details
000 -LEADER
campo de control de longitud fija 00562nam a2200205 i 4500
001 - NÚMERO DE CONTROL
campo de control 65412
003 - IDENTIFICADOR DE NÚMERO DE CONTROL
campo de control ES-MaACL
005 - FECHA Y HORA DE LA ÚLTIMA TRANSACCIÓN
campo de control 20230906165350.0
007 - CAMPO FIJO DE DESCRIPCIÓN FÍSICA--INFORMACIÓN GENERAL
campo de control de longitud fija t|
008 - DATOS DE LONGITUD FIJA--INFORMACIÓN GENERAL
campo de control de longitud fija 040113q1955 sp ||||1| spa d
100 1# - ENTRADA PRINCIPAL--NOMBRE DE PERSONA
Nombre de persona Frerk, F. W.
9 (RLIN) 52526
245 14 - MENCIÓN DEL TÍTULO
Título Los positivos
Resto del título : cómo se mejoran /
Mención de responsabilidad, etc. F.W. Frerk.
250 ## - MENCION DE EDICION
Mención de edición 1ª ed.
260 ## - PUBLICACIÓN, DISTRIBUCIÓN, ETC.
Lugar de publicación, distribución, etc. Barcelona :
Nombre del editor, distribuidor, etc. Omega,
Fecha de publicación, distribución, etc. [1955?] (
Fabricante Filograf)
300 ## - DESCRIPCIÓN FÍSICA
Extensión 58 p., 8 lám. ;
Dimensiones 16 cm.
490 1# - MENCIÓN DE SERIE
Mención de serie Foto biblioteca
830 0# - PUNTO DE ACCESO ADICIONAL DE SERIE-TÍTULO UNIFORME
Título uniforme Foto biblioteca
9 (RLIN) 181378
852 ## - LOCALIZACIÓN
Ubicación ES-MaACL
Número de control de estantería C-10123
Sublocalización o colección R.37914
Holdings
Estatus retirado Estado de pérdida Estado de daño No para préstamo Biblioteca de origen Biblioteca actual Ubicación en estantería Fecha de adquisición Fuente de adquisición Total de préstamos Signatura topográfica completa Código de barras Visto por última vez Precio de reemplazo Tipo de ítem Koha
        Biblioteca del Ateneo de Madrid Biblioteca del Ateneo de Madrid Sala Palomar 17/01/2008     C-10123 1068533 23/02/2023 23/02/2023 Libro impreso